[Event "III Pyramiden-Franken Cup"]
[Site "Fuerth GER"]
[Date "2000.08.21"]
[Round "3"]
[White "Gyimesi,Z"]
[Black "Handke,F"]
[Result "1/2-1/2"]
[WhiteElo "2539"]
[BlackElo "2455"]

1.d4 Nf6 2.c4 e6 3.Nf3 b6 4.g3 Ba6 5.b3 Bb4+ 6.Bd2 Be7 7.Bg2 c6 8.Bc3 d5
9.Nbd2 Nbd7 10.O-O O-O 11.Re1 c5 12.e4 dxe4 13.Nxe4 Nxe4 14.Rxe4 Bb7 15.Re3 Nf6
16.Ne5 cxd4 17.Bxd4 Bxg2 18.Kxg2 Rc8 19.Bb2 Qc7 20.Qf3 Rfd8 21.Rd1 Rxd1 22.Qxd1 b5
23.cxb5 Nd5 24.Rf3 Bf6 25.Qa1 Qc2 26.Nd3 Bxb2 27.Qxb2 Qxb2 28.Nxb2 Rc2 29.Na4 Rxa2
30.Rd3 Kf8  1/2-1/2

[Event "III Pyramiden-Franken Cup"]
[Site "Fuerth GER"]
[Date "2000.08.23"]
[Round "5"]
[White "Gyimesi,Z"]
[Black "Lau,R"]
[Result "1/2-1/2"]
[WhiteElo "2539"]
[BlackElo "2498"]

1.d4 Nf6 2.c4 e6 3.Nf3 b6 4.g3 Ba6 5.b3 Bb7 6.Bg2 Bb4+ 7.Bd2 a5 8.O-O O-O
9.Qc2 h6 10.a3 Be7 11.Nc3 d5 12.cxd5 exd5 13.Ne5 Na6 14.Rfd1 Qc8 15.Qb2 Rd8
16.Rac1 Qe6 17.Nd3 Rab8 18.Bf4 g5 19.Be5 Nd7 20.e4 Nxe5 21.Nxe5 dxe4 22.Bxe4 Bxe4
23.Nxe4 c5 24.Re1 Rxd4 25.Nc3 Bf6 26.Nf3 Re4 27.Qc2 Rxe1+ 28.Rxe1 Qc6 29.Ne4 Bg7
30.h4 g4 31.Nh2 Nc7 32.Nxg4 Re8 33.Re3 f5 34.Nef6+ Bxf6 35.Nxh6+ Kf8 36.Nxf5 Rxe3
37.Nxe3 Ne6 38.Qg6 Nd4 39.Nc4 Qe6 40.h5 Nxb3 41.h6 Nd4 42.h7 Bg7 43.Qxe6 Nxe6
44.Nxb6 Ke7 45.Nc4 a4 46.Nb6 Kd6 47.Nxa4 c4 48.Nb6 c3 49.Nc4+ Kc5 50.Ne3 Ng5
51.Kf1 Kb5 52.Ke2 Ka4 53.Kd3 Kxa3 54.Kc2 Kb4 55.Nd5+ Kc4 56.Ne3+ Kc5 57.Kb3 Ne4
58.Nf5 Bf6 59.g4 Nd2+ 60.Kc2 Nf3 61.Ne3 Bh8 62.Kd3 Kb4 63.Kc2 Nd4+ 64.Kd3 Kb3
65.f4 Ne6 66.Ke4 Nf8 67.Kd3 Nxh7 68.g5 Nf8 69.f5 Nh7 70.g6 Nf6 71.Nc4 Nd5
72.Nd2+ Kb2 73.Nc4+ Ka2 74.Ke2 Bg7 75.Kd1 Kb3 76.Nd2+ Kb4 77.Ne4 Ne3+ 78.Ke2 Nxf5
79.Nxc3 Kxc3 80.Kd1 Kd3 81.Ke1 Nh4 82.Kf2 Nxg6 83.Kf3 Bf6 84.Kg4 Ke4 85.Kg3 Nf4
86.Kh2 Kf3 87.Kg1 Ne2+ 88.Kh2 Be5+ 89.Kh1 Bd4 90.Kh2 Ng3 91.Kh3 Bg1 92.Kh4 Ne4
93.Kh5 Kf4 94.Kg6 Bc5 95.Kf7 Kf5 96.Ke8 Ke6 97.Kd8 Bd6 98.Kc8 Nc5 99.Kd8 Nb7+
100.Kc8 Nc5 101.Kd8  1/2-1/2

[Event "III Pyramiden-Franken Cup"]
[Site "Fuerth GER"]
[Date "2000.08.25"]
[Round "7"]
[White "Gyimesi,Z"]
[Black "Bunzmann,D"]
[Result "1/2-1/2"]
[WhiteElo "2539"]
[BlackElo "2484"]

1.d4 e6 2.c4 Nf6 3.Nf3 b6 4.g3 Ba6 5.b3 Bb4+ 6.Bd2 Be7 7.Bg2 c6 8.Bc3 d5
9.Nbd2 Nbd7 10.O-O O-O 11.Re1 c5 12.e4 dxe4 13.Nxe4 Nxe4 14.Rxe4 Bb7 15.Re3 cxd4
16.Nxd4 Bxg2 17.Kxg2 Qc7 18.Qf3 a6 19.Rd1 Bf6 20.Nc6 Rac8  1/2-1/2

[Event "Penta Media GM"]
[Site "Kelamabakkam IND"]
[Date "2000.08.25"]
[Round "11"]
[White "Fominyh,A"]
[Black "Kunte,A"]
[Result "0-1"]
[WhiteElo "2594"]
[BlackElo "2556"]

1.d4 Nf6 2.Nf3 b6 3.c4 e6 4.g3 Ba6 5.Qb3 Nc6 6.Bd2 Bb7 7.Bc3 Ne4 8.a3 Nxc3
9.Qxc3 Be7 10.e4 Bf6 11.Qd3 g5 12.g4 Bg7 13.Nc3 Qf6 14.O-O-O O-O-O 15.Kb1 d6
16.Qe3 h6 17.Ne2 Rhg8 18.Ng3 Bh8 19.Be2 Kb8 20.Rd2 Ne7 21.Nh5 Qg6 22.Bd3 f5
23.exf5 Nxf5 24.Qe2 Qf7 25.Be4 d5 26.cxd5 Nd6 27.Ng3 Nxe4 28.Nxe4 Bxd5 29.Ne1 e5
30.Nd3 exd4 31.Nb4 Bb7 32.Rc1 c5 33.Na6+ Ka8 34.a4 c4  0-1

[Event "ch-HUN KO"]
[Site "Budapest HUN"]
[Date "2000.08.31"]
[Round "2.2"]
[White "Horvath,Ju"]
[Black "Csom,I"]
[Result "1/2-1/2"]
[WhiteElo "2308"]
[BlackElo "2478"]

1.d4 Nf6 2.c4 e6 3.Nf3 b6 4.g3 Ba6 5.b3 Bb7 6.Bg2 Bb4+ 7.Bd2 a5 8.O-O O-O
9.Nc3 Re8 10.Qc2 h6 11.Ne5 Bxg2 12.Kxg2 Qc8 13.e4 Qb7 14.Rae1 d6 15.Nf3 Nbd7
16.d5 exd5 17.Nxd5 Bxd2 18.Nxd2 c6 19.Nxf6+ Nxf6 20.Qd3 Re6 21.Re2 Rae8 22.Rfe1 Nd7  1/2-1/2

[Event "ch-HUN KO"]
[Site "Budapest HUN"]
[Date "2000.09.01"]
[Round "3.1"]
[White "Repasi,Z"]
[Black "Gyorkos,L"]
[Result "0-1"]
[WhiteElo "2154"]
[BlackElo "2380"]

1.d4 Nf6 2.c4 e6 3.Nf3 b6 4.g3 Ba6 5.b3 Bb7 6.Bg2 Bb4+ 7.Bd2 a5 8.O-O O-O
9.Bg5 a4 10.Nbd2 h6 11.Bxf6 Qxf6 12.Qc2 d6 13.e3 Ra7 14.Rfd1 Nd7 15.Ne1 Bxg2
16.Kxg2 Rfa8 17.Rab1 e5 18.dxe5 dxe5 19.Ne4 Qc6 20.f3 axb3 21.axb3 f5 22.Nc3 Bxc3
23.Qxc3 e4 24.f4 Ra2+ 25.Rb2 Nc5 26.Rd8+ Rxd8 27.Rxa2 Rd1 28.Nc2 Qg6 29.Nb4 Qh5
30.Qe5 Kh7 31.Nd5 Qf3+ 32.Kh3 Qg4+ 33.Kg2 Nd3 34.Qxc7 Ne1+ 35.Kg1 Nc2+  0-1

[Event "6th WUCC"]
[Site "Golden Sands BUL"]
[Date "2000.09.02"]
[Round "2"]
[White "Erhembayar,D"]
[Black "Janssen,R"]
[Result "1/2-1/2"]
[WhiteElo "2301"]
[BlackElo "2414"]

1.d4 Nf6 2.c4 e6 3.Nf3 b6 4.g3 Ba6 5.b3 Bb4+ 6.Bd2 Be7 7.Bg2 c6 8.Bc3 d5
9.Nbd2 Nbd7 10.O-O Bb7 11.Rc1 O-O 12.Qc2 Rc8 13.e4 dxe4 14.Nxe4 c5 15.Nxf6+ Bxf6
16.Rcd1 cxd4 17.Bxd4 Qc7 18.Rd2 b5 19.Rc1 bxc4 20.Bxf6 Nxf6 21.bxc4 Be4 22.Qc3 Qc5
23.Qd4 Qa3 24.Qb2 Qc5 25.Qe5 h6 26.Qxc5 Rxc5 27.Rb2 Bxf3 28.Bxf3 Rfc8 29.Rb7 R8c7
30.Rxc7 Rxc7 31.Kf1 Nd7 32.Be2 Kf8 33.Ke1 Ke7 34.Kd2 Rb7 35.Kc3 Nc5 36.Rc2 Ne4+
37.Kd4 Nxf2 38.c5 f5 39.Bf3 Nh3 40.Ke5  1/2-1/2

[Event "chT-POL"]
[Site "Zakopane chT"]
[Date "2000.09.05"]
[Round "4"]
[White "Wieczorek,R"]
[Black "Ostrowski,L"]
[Result "0-1"]
[WhiteElo "2245"]
[BlackElo "2375"]

1.d4 Nf6 2.c4 e6 3.Nf3 b6 4.g3 Ba6 5.b3 d5 6.Nbd2 Bb4 7.Bg2 Nc6 8.O-O Bc3
9.Rb1 Nxd4 10.Ba3 Nxf3+ 11.Bxf3 c5 12.b4 Bxd2 13.Qxd2 Bxc4 14.bxc5 b5 15.c6 a5
16.c7 Qxc7 17.Qg5 Rg8 18.Rfc1 h6 19.Qe3 b4 20.Bb2 Qc6 21.a3 Nd7 22.Bd4 Rb8
23.Ba7 Rb7 24.Bd4 Ke7 25.axb4 axb4 26.Rb2 Rb5 27.Rcb1 b3 28.Qc3 Qd6 29.Bxg7 e5
30.e4 Rxg7 31.exd5 Rc5 32.Qe3 Rg8 33.Re1 Ra8 34.Qf4 Kf8 35.Qf5 Ra2 36.Rbb1 Kg7
37.Red1 Nf6 38.g4 e4 39.Bxe4 Nxe4 40.Qxe4 Rxd5  0-1

[Event "Golombek Mem"]
[Site "Paignton ENG"]
[Date "2000.09.06"]
[Round "4"]
[White "Arkell,K"]
[Black "Gormally,D"]
[Result "1/2-1/2"]
[WhiteElo "2481"]
[BlackElo "2499"]

1.d4 Nf6 2.Nf3 e6 3.c4 b6 4.g3 Ba6 5.b3 Bb4+ 6.Bd2 Be7 7.Bg2 c6 8.Bc3 d5
9.Ne5 Nfd7 10.Nxd7 Nxd7 11.Nd2 O-O 12.O-O Rc8 13.a4 Bf6 14.e4 c5 15.exd5 exd5
16.Bxd5 cxd4 17.Bb2 d3 18.Qb1 Bxb2 19.Qxb2 Nf6 20.Bf3 Re8 21.Rfe1 Qd7 22.Qc3 Qf5
23.a5 b5 24.Rxe8+ Rxe8 25.c5 g5 26.Qd4 b4 27.g4 Qe5 28.Qxe5 Rxe5 29.Rc1 Kf8
30.c6 Rxa5 31.c7 Bc8 32.Rc6 Ne8 33.Nc4 Ra1+ 34.Kg2 Rc1 35.Rc5 d2 36.Rd5 Nxc7
37.Rd8+ Kg7 38.Rxc8 Ne6 39.h3 Nf4+ 40.Kh2 d1=Q 41.Bxd1 Rxd1 42.Rb8 Rf1 43.Rxb4 Rxf2+
44.Kg3 Rc2 45.Kf3 Nxh3 46.Rb7 Rc3+ 47.Ke2 Nf4+ 48.Kd2 Rd3+ 49.Kc2 Rg3 50.Ne5  1/2-1/2

[Event "6th WUCC"]
[Site "Golden Sands BUL"]
[Date "2000.09.07"]
[Round "7"]
[White "Konstantinov,M"]
[Black "Drenchev,P"]
[Result "0-1"]
[WhiteElo "2222"]
[BlackElo "2357"]

1.d4 Nf6 2.c4 e6 3.Nf3 b6 4.g3 Ba6 5.Qc2 c5 6.d5 exd5 7.cxd5 g6 8.Bg2 d6
9.O-O Bg7 10.a4 O-O 11.Nc3 Re8 12.Re1 Bb7 13.Nd2 Na6 14.Nc4 Nc7 15.Bf4 Bf8
16.e4 Nh5 17.Be3 Ba6 18.b3 Qd7 19.Rad1 Rab8 20.f4 Bg7 21.Bf2 h6 22.Bf3 Bxc4
23.bxc4 Qh3 24.Bg2 Qd7 25.Nb5 Na6 26.Qb1 Nb4 27.Qb3 a6 28.Nd4 Nxd5 29.Nf5 gxf5
30.Rxd5 Nf6 31.Rxf5 Nxe4 32.Bxe4 Rxe4 33.Rxe4 Qxf5 34.Qd3 Bf8 35.Qe2 b5 36.axb5 axb5
37.cxb5 Rxb5 38.Re8 Qd7 39.f5 h5 40.f6 Rb1+ 41.Be1 Qa4 42.Qe3 Qg4 43.h3 Qg6
44.Qf2 d5 45.Kh2 d4 46.Qa2 Rxe1 47.Rxe1 Qxf6 48.Qg2 Bd6 49.Rf1 Qg6 50.h4 c4
51.Qh3 Qg4 52.Qxg4+ hxg4 53.Rc1 c3 54.Kg2 Ba3 55.Rc2 Bb2  0-1

[Event "Golombek Mem"]
[Site "Paignton ENG"]
[Date "2000.09.10"]
[Round "8"]
[White "Gormally,D"]
[Black "Bischoff,K"]
[Result "1/2-1/2"]
[WhiteElo "2499"]
[BlackElo "2556"]

1.d4 e6 2.Nf3 Nf6 3.c4 b6 4.g3 Ba6 5.b3 Bb7 6.Bg2 Bb4+ 7.Bd2 Be7 8.O-O O-O
9.Bc3 d5 10.Nbd2 Na6 11.e3 c5 12.Qe2 Rc8 13.Rfd1 Qc7 14.cxd5 Nxd5 15.Bb2 Qb8
16.Ne5 Nf6 17.Bxb7 Qxb7 18.Ng4 cxd4 19.Bxd4 Ne8 20.a3 f6 21.e4 Rd8 22.Bb2 Nc5
23.b4 Na4 24.Rab1 Nxb2 25.Rxb2 Nc7 26.Rbb1 Rd7 27.Nb3  1/2-1/2

[Event "chT-POL"]
[Site "Zakopane chT"]
[Date "2000.09.13"]
[Round "11"]
[White "Kempinski,R"]
[Black "Kasperek,R"]
[Result "1-0"]
[WhiteElo "2522"]
[BlackElo "2316"]

1.d4 Nf6 2.c4 e6 3.Nf3 b6 4.g3 Ba6 5.Nbd2 Bb4 6.Qa4 c5 7.dxc5 bxc5 8.a3 Bxd2+
9.Bxd2 O-O 10.Qc2 Nc6 11.Bg2 Rc8 12.Rc1 d5 13.Qa4 Qb6 14.b3 Ne4 15.Be3 Nd4
16.Bxd4 cxd4 17.Qb4 Qc7 18.O-O e5 19.e3 Nc3 20.exd4 Ne2+ 21.Kh1 Nxc1 22.Rxc1 exd4
23.c5 d3 24.Qa4 Qb7 25.h4 Bb5 26.Qd4 Rfe8 27.Ng5 Rcd8 28.a4 Bc6 29.Qxd3 g6
30.Qd4 Qxb3 31.h5 Qb7 32.h6 f5 33.Kh2 Qe7 34.Ne6 Qf7 35.Nxd8 Rxd8 36.Re1 Qf8
37.Kg1 Qxh6 38.Qf6  1-0

[Event "TCh-FIN 00-01"]
[Site "FIN"]
[Date "2000.09.24"]
[Round "2"]
[White "Lassila,E"]
[Black "Tolonen,L"]
[Result "1/2-1/2"]
[WhiteElo "2340"]
[BlackElo "2325"]

1.d4 Nf6 2.c4 e6 3.Nf3 b6 4.g3 Ba6 5.b3 Bb4+ 6.Bd2 Be7 7.Bg2 c6 8.Bc3 d5
9.Ne5 Nfd7 10.Nxd7 Nxd7 11.Nd2 f5 12.O-O O-O 13.Rc1 Rc8 14.Rc2 Qe8 15.Bb2 Bd6
16.e3 Nf6 17.Qc1 Qe7 18.Rd1 g5 19.Nb1 b5 20.Bf1 g4 21.Ba3 Bxa3 22.Qxa3 Qxa3
23.Nxa3 b4 24.Nb1 Bb7 25.Nd2 Kf7 26.Rdc1 Ke7 27.h4 Kd6 28.cxd5  1/2-1/2

[Event "XVI ECC"]
[Site "Neum BIH"]
[Date "2000.09.25"]
[Round "2"]
[White "Shariyazdanov,A"]
[Black "Baklan,V"]
[Result "1-0"]
[WhiteElo "2582"]
[BlackElo "2599"]

1.d4 Nf6 2.Nf3 e6 3.c4 b6 4.g3 Ba6 5.b3 Bb7 6.Bg2 Bb4+ 7.Bd2 c5 8.Bxb4 cxb4
9.O-O O-O 10.Nbd2 d6 11.Qc2 Nc6 12.e4 e5 13.d5 Nb8 14.a3 bxa3 15.b4 a5 16.c5 Na6
17.c6 Nxb4 18.Qc3 Ba6 19.Rfb1 a2 20.Rb2 Ne8 21.Ne1 Qf6 22.Qe3 Rb8 23.Nc2 Nxc2
24.Rxc2 Nc7 25.Rcxa2 Qd8 26.Rb2 Na8 27.Bh3 Qc7 28.f4 Qe7 29.Nf3 exf4 30.gxf4 Nc7
31.Re1 a4 32.Rg2 f5 33.e5 dxe5 34.Qxe5 Qxe5 35.Rxe5 Rbd8 36.Bxf5 Rxf5 37.Rxf5 Bc4
38.Re5 Bxd5 39.Re7 Ne8 40.Rd2 a3 41.c7 Ra8 42.Rxd5 a2 43.Rd1  1-0

[Event "XVI ECC"]
[Site "Neum BIH"]
[Date "2000.09.27"]
[Round "4"]
[White "Gyimesi,Z"]
[Black "Shariyazdanov,A"]
[Result "1-0"]
[WhiteElo "2539"]
[BlackElo "2582"]

1.d4 Nf6 2.c4 e6 3.Nf3 b6 4.g3 Ba6 5.b3 Bb4+ 6.Bd2 Be7 7.Bg2 c6 8.Bc3 d5
9.Nbd2 Nbd7 10.O-O O-O 11.Re1 c5 12.e4 dxe4 13.Nxe4 Nxe4 14.Rxe4 Bb7 15.Re3 Nf6
16.Ne5 Qc7 17.d5 exd5 18.cxd5 Rad8 19.Rd3 Bd6 20.Nc6 Nxd5 21.Bxg7 Bxc6 22.Bxf8 Bxf8
23.Bxd5 Qe5 24.Bxf7+ Kxf7 25.Rxd8 Qe4 26.f3 Qe3+ 27.Kg2 Bg7 28.Rd3  1-0

[Event "V ECC Women"]
[Site "Halle GER"]
[Date "2000.09.28"]
[Round "5"]
[White "Bosboom Lanchava,T"]
[Black "Prudnikova,S"]
[Result "0-1"]
[WhiteElo "2272"]
[BlackElo "2428"]

1.d4 Nf6 2.c4 e6 3.Nf3 b6 4.g3 Ba6 5.Nbd2 Bb7 6.Bg2 c5 7.dxc5 bxc5 8.O-O Be7
9.Re1 d6 10.e4 e5 11.Nh4 O-O 12.Nf1 Nc6 13.Ne3 Nd4 14.Nhf5 a5 15.Nxe7+ Qxe7
16.Nd5 Nxd5 17.exd5 Ba6 18.Be3 Bxc4 19.Bxd4 cxd4 20.b3 Bb5 21.Qxd4 Rfc8 22.Qb6 Rcb8
23.Qe3 Qa7 24.Qxa7 Rxa7 25.Rec1 f5 26.Rc3 Bd7 27.Rac1 Rbb7 28.a3 Kf7 29.f4 e4
30.g4 fxg4 31.Bxe4 g6 32.Kf2 Kf6 33.Bg2 h5 34.Kg3 Ra8 35.Bf1 Rab8 36.Bc4 Bb5
37.Re3 Bxc4 38.bxc4 Rb3 39.Re1 Kf5 40.Re2 a4 41.Kf2 h4 42.Re6 Rf3+ 43.Ke1 Rb1+
44.Kd2 Rb2+ 45.Ke1 Rxe2+ 46.Kxe2 Rxf4 47.c5 dxc5 48.Rc6 Re4+ 49.Kf2 Rd4 50.Rxc5 Ke4
51.Rc6 Rd2+ 52.Kg1 Rxd5 53.Rxg6 Kf3 54.Rf6+ Ke3 55.Re6+ Kd3 56.Rc6 Rf5 57.Kg2 Rf3
58.Ra6 h3+ 59.Kg1 Ke2 60.Re6+ Re3 61.Rb6 Rxa3 62.Rb2+ Ke3 63.Rb1 Ra2 64.Re1+ Kd3
65.Re8 a3 66.Rd8+ Ke3 67.Re8+ Kf4 68.Rf8+ Ke5 69.Re8+ Kf6 70.Rf8+ Ke7  0-1

[Event "XVI ECC"]
[Site "Neum BIH"]
[Date "2000.09.29"]
[Round "6"]
[White "Barkhagen,J"]
[Black "Tukmakov,V"]
[Result "0-1"]
[WhiteElo "2449"]
[BlackElo "2582"]

1.d4 Nf6 2.c4 e6 3.Nf3 b6 4.g3 Ba6 5.b3 Bb7 6.Bg2 Bb4+ 7.Bd2 a5 8.Nc3 O-O
9.O-O d6 10.Qc2 Nbd7 11.Rad1 Qb8 12.Rfe1 Bxc3 13.Bxc3 Be4 14.Qc1 b5 15.Bh3 a4
16.Ng5 axb3 17.d5 Bf5 18.Bxf5 exf5 19.axb3 bxc4 20.bxc4 Ra4 21.Bxf6 Nxf6
22.Qc2 Qa7 23.Qxf5 Rxc4 24.e4 h6 25.Nh3 Re8 26.e5 dxe5 27.Rxe5 Rxe5 28.Qxe5 Qc5
29.Qf5 Re4 30.Nf4 Qc2 31.Rf1 Qc4 32.Ra1 Re8 33.Nh5 Nxd5 34.Rd1 c6 35.Qd7 Qe2
36.Ra1 Qe5 37.Ra7 Re7 38.Qc8+ Kh7 39.Rxe7 Nxe7 40.Qf8 Ng6  0-1

[Event "White Tower Open"]
[Site "Halkidiki GRE"]
[Date "2000.10.04"]
[Round "2"]
[White "Esedov,E"]
[Black "Contin,D"]
[Result "1/2-1/2"]
[WhiteElo "2278"]
[BlackElo "2406"]

1.d4 Nf6 2.c4 e6 3.Nf3 b6 4.g3 Ba6 5.b3 Bb4+ 6.Bd2 Be7 7.Bg2 d5 8.Ne5 c6
9.O-O Nfd7 10.Nxd7 Qxd7 11.Bc3 dxc4 12.Nd2 cxb3 13.axb3 O-O 14.Nc4 Bb7 15.e4 Na6
16.Qg4 Bf6 17.Rfd1 Rfd8 18.e5 Be7 19.Nd2 Nc7 20.Ne4 Nd5 21.Bd2 f5 22.exf6 Nxf6
23.Nxf6+ Bxf6 24.Bg5 Bxg5 25.Qxg5 Rf8 26.Qe3 Rf6 27.b4 Qd6 28.Qc3 a6 29.Rac1 Rc8
30.Re1 Rc7 31.Re5 Rd7 32.Rd1 Qxe5 33.dxe5 Rxd1+ 34.Bf1 Rf7 35.Qb3 Rd5 36.Bc4 c5
37.Bxd5 Bxd5 38.Qa4 cxb4 39.Qxb4 b5 40.Qd6 Rb7 41.f4 g6 42.g4 Rf7 43.f5 gxf5
44.Qd8+ Rf8 45.Qg5+ Kf7 46.Qh5+ Kg7 47.Qg5+ Kf7 48.Qh5+ Kg8 49.Qg5+ Kh8 50.Qe7 Kg8
51.Qg5+  1/2-1/2

[Event "Cup Rectora"]
[Site "Kharkov UKR"]
[Date "2000.10.07"]
[Round "7"]
[White "Savon,V"]
[Black "Kalugin,S"]
[Result "1-0"]
[WhiteElo "2429"]
[BlackElo "2455"]

1.d4 Nf6 2.Nf3 e6 3.c4 b6 4.g3 Ba6 5.Nbd2 d5 6.Bg2 Bd6 7.b3 O-O 8.O-O c5
9.e4 dxe4 10.Ng5 Nc6 11.dxc5 Bxc5 12.Ndxe4 Bd4 13.Rb1 e5 14.Ba3 Nxe4 15.Nxe4 Ne7
16.Qc2 Rb8 17.Rbd1 h6 18.Bd6 Qe8 19.Bxb8 Qxb8 20.Kh1 Bc8 21.Qe2 Rd8 22.f4 f5
23.fxe5 Qxe5 24.Nc3 Rf8 25.Rxd4  1-0

[Event "ch-HUN KO"]
[Site "Budapest HUN"]
[Date "2000.10.08"]
[Round "7.1"]
[White "Gyimesi,Z"]
[Black "Chernin,A"]
[Result "1/2-1/2"]
[WhiteElo "2539"]
[BlackElo "2572"]

1.d4 Nf6 2.c4 e6 3.Nf3 b6 4.g3 Ba6 5.b3 Bb4+ 6.Bd2 Be7 7.Bg2 c6 8.Bc3 d5
9.Nbd2 Nbd7 10.O-O O-O 11.Re1 Bb7 12.e4 dxe4 13.Nxe4 c5 14.Nfg5 cxd4 15.Bxd4 Qc7
16.Nxf6+ Bxf6 17.Bxb7 Qxb7 18.Ne4 Bxd4 19.Qxd4 Rad8 20.Rad1 Qc7 21.Qd6 Qxd6
22.Rxd6 Nc5 23.Rxd8 Rxd8 24.Nxc5 bxc5 25.Re5 Rc8 26.Kf1 Kf8 27.Ke2 Ke7 28.Kd2  1/2-1/2

[Event "FSGM October"]
[Site "Budapest HUN"]
[Date "2000.10.11"]
[Round "5"]
[White "Postny,E"]
[Black "Csom,I"]
[Result "1/2-1/2"]
[WhiteElo "2434"]
[BlackElo "2478"]

1.d4 Nf6 2.c4 e6 3.Nf3 b6 4.g3 Ba6 5.Qa4 Bb7 6.Bg2 c5 7.O-O cxd4 8.Rd1 a6
9.Nxd4 Bxg2 10.Kxg2 Qc7 11.Nc3 Be7 12.f3 Qb7 13.Bg5 h6 14.Bxf6 Bxf6 15.Ne4 Be7
16.Rd3  1/2-1/2

[Event "Veselin Boskovic Mem"]
[Site "Belgrade YUG"]
[Date "2000.10.12"]
[Round "9"]
[White "Ilincic,Z"]
[Black "Romanishin,O"]
[Result "1/2-1/2"]
[WhiteElo "2563"]
[BlackElo "2591"]

1.d4 Nf6 2.c4 e6 3.Nf3 b6 4.g3 Ba6 5.b3 Bb7 6.Bg2 Bb4+ 7.Bd2 a5 8.O-O O-O
9.a3 Bxd2 10.Qxd2 d5 11.Nc3 Qe7 12.Ne5 Nbd7 13.Qg5 Rfe8 14.Rfc1 Nxe5 15.dxe5 Ne4
16.Qxe7 Rxe7 17.Bxe4 dxe4 18.Rd1 f6 19.exf6 gxf6 20.Ra2 Kf7 21.Rad2 Bc6 22.Rd8 Re8
23.Rxa8 Rxa8 24.Kf1 Rg8 25.Ke1 h5 26.Kd2 h4 27.Ke3 f5 28.Nb5 Bxb5 29.cxb5 Ke7
30.Rc1 Kd7 31.Kd4 Rh8 32.Ke5 hxg3 33.hxg3 Rh2 34.Rd1+ Ke7 35.Rc1 Kd7 36.Rd1+  1/2-1/2

[Event "FSIMA October"]
[Site "Budapest HUN"]
[Date "2000.10.12"]
[Round "6"]
[White "Eperjesi,L"]
[Black "Somogyi,I"]
[Result "1/2-1/2"]
[WhiteElo "2370"]
[BlackElo "2260"]

1.d4 Nf6 2.Nf3 e6 3.c4 b6 4.g3 Ba6 5.b3 Bb4+ 6.Bd2 Be7 7.Bg2 Bb7 8.O-O O-O
9.Bc3 d5 10.Nbd2 c6 11.Qc2 Na6 12.Rad1 Rc8 13.Ne5 Qc7 14.e4 c5 15.dxc5 Nxc5
16.exd5 exd5 17.Qf5 dxc4 18.Bxb7 Qxb7 19.Ndxc4 g6  1/2-1/2

[Event "ch-ARG"]
[Site "Buenos Aires ARG"]
[Date "2000.10.18"]
[Round "8"]
[White "Varela,G"]
[Black "Julia,E"]
[Result "1/2-1/2"]
[WhiteElo "2249"]
[BlackElo "2393"]

1.d4 Nf6 2.Nf3 e6 3.c4 b6 4.g3 Ba6 5.Qa4 c6 6.Bg2 b5 7.cxb5 cxb5 8.Qb3 Nc6
9.Ne5 Nxd4 10.Qd3 Rc8 11.O-O Nc2 12.Nc6 Rxc6 13.Bxc6 Nb4 14.Qa3 dxc6 15.Bd2 Nfd5
16.e4 Qb6 17.exd5 Nxd5 18.Qf3 Be7 19.Nc3 O-O 20.Rfd1 Bb7 21.Qe2 Bf6 22.Rac1 a6
23.Nxd5 cxd5 24.Bb4 Re8 25.Bc5 Qd8 26.Qe3 e5 27.Bb6 Qa8 28.f4 d4 29.Qf2 exf4
30.Bxd4 fxg3 31.Qxg3 Bxd4+ 32.Rxd4 g6 33.Re1 h5 34.Rxe8+ Qxe8 35.Qc3 Kh7
36.h4 Qe2 37.Qd2 Qf3 38.Rf4 Qh1+ 39.Kf2 Bd5 40.b3 Qg2+ 41.Ke3 Qg1+ 42.Qf2 Qc1+
43.Kd4 Be6  1/2-1/2

[Event "TCh-SVK"]
[Site "SVK"]
[Date "2000.10.22"]
[Round "2"]
[White "Tibensky,R"]
[Black "Hracek,Z"]
[Result "1/2-1/2"]
[WhiteElo "2414"]
[BlackElo "2612"]

1.d4 Nf6 2.c4 e6 3.Nf3 b6 4.g3 Ba6 5.Nbd2 Bb4 6.Qb3 c5 7.Bg2 Nc6 8.dxc5 Bxc5
9.O-O O-O 10.a3 Be7 11.Qa4 Bb7 12.e4 Qc7 13.Qc2 Ne5 14.b3 Nxf3+ 15.Bxf3 Bd6
16.Bg2 Rac8 17.Bb2 Be5 18.Rac1 Rfd8 19.h3 d6 20.Rfe1 Bxb2 21.Qxb2 Bc6 22.Re3 Qb7
23.b4 e5 24.f3 Qe7 25.Nf1 Nh5 26.h4 Bd7 27.Rec3 Be6 28.Qd2 g6  1/2-1/2

[Event "34th Olympiad"]
[Site "Istanbul TUR"]
[Date "2000.10.29"]
[Round "2"]
[White "Mirzoev,A"]
[Black "Lutz,C"]
[Result "0-1"]
[WhiteElo "2414"]
[BlackElo "2595"]

1.d4 Nf6 2.Nf3 e6 3.c4 b6 4.g3 Ba6 5.Qa4 Bb7 6.Bg2 c5 7.dxc5 bxc5 8.O-O Be7
9.Nc3 O-O 10.Rd1 d6 11.Bf4 Qb6 12.Qb3 Rd8 13.Qxb6 axb6 14.Nb5 Ne8 15.Ng5 Bxg2
16.Kxg2 Nc6 17.Nf3 h6 18.g4 Bf6 19.Rd2 Ra4 20.Nxd6 Nxd6 21.Bxd6 Rxc4 22.h3 Rb4
23.Rb1 Na5 24.a3 Rb5 25.Bc7 Rc8 26.Rd7 Nc4 27.a4 Rxb2 28.Rxb2 Bxb2 29.g5 Kf8
30.Bg3 Ra8 31.gxh6 gxh6 32.Bf4 Kg7 33.Nh2 Be5 34.Bxe5+ Nxe5 35.Rb7 Nc4 36.Nf1 Rxa4
37.Ng3 Kg6 38.e3 Ra2 39.Kg1 Rb2 40.Ne4 f5 41.Nc3 Nd6 42.Re7 Kf6 43.Rc7 Nb5  0-1

[Event "34th Olympiad"]
[Site "Istanbul TUR"]
[Date "2000.10.29"]
[Round "2"]
[White "Mirzoev,A"]
[Black "Dautov,R"]
[Result "0-1"]
[WhiteElo "2414"]
[BlackElo "2606"]

1.d4 Nf6 2.Nf3 e6 3.c4 b6 4.g3 Ba6 5.Qa4 Bb7 6.Bg2 c5 7.dxc5 bxc5 8.O-O Be7
9.Nc3 O-O 10.Rd1 d6 11.Bf4 Qb6 12.Qb3 Rd8 13.Qxb6 axb6 14.Nb5 Ne8 15.Ng5 Bxg2
16.Kxg2 Nc6 17.Nf3 h6 18.g4 Bf6 19.Rd2 Ra4 20.Bxd6 Rxc4 21.h3 Rb4 22.Rb1 Na5
23.a3 Rxb5 24.Bc7 Rc8 25.Rd7 Nc4 26.a4 Bxb2 27.g5 Kf8 28.Bg3 Ra8 29.gxh6 gxh6
30.Bf4 Kg7 31.Nh2 Ne5 32.Rb7 Nc4 33.Nf1 Rxa4 34.Ng3 Kg6 35.e3 Ra2 36.Kg1 f5
37.Rxb2 Raxb2 38.Ne4 Ncd6 39.Nc3 Kf6 40.Bxd6 Nxd6 41.Rc7 Ke5  0-1

[Event "34th Olympiad"]
[Site "Istanbul TUR"]
[Date "2000.10.29"]
[Round "2"]
[White "Adianto,U"]
[Black "Sendur,A"]
[Result "1-0"]
[WhiteElo "2583"]
[BlackElo "2335"]

1.d4 Nf6 2.Nf3 e6 3.c4 b6 4.g3 Ba6 5.b3 Bb4+ 6.Bd2 Be7 7.Bg2 c6 8.Bc3 d5
9.Ne5 Nfd7 10.Nxd7 Nxd7 11.Nd2 Nf6 12.O-O O-O 13.e4 b5 14.Re1 dxe4 15.Qc2 Rb8
16.Rad1 Qc8 17.Bf1 Rd8 18.Rxe4 Qc7 19.Rf4 h6 20.Bd3 bxc4 21.bxc4 Kf8 22.Rxf6 gxf6
23.d5 c5 24.f4 Qb6 25.Re1 e5 26.fxe5 fxe5 27.Rf1 Rb7  1-0

[Event "Gp B"]
[Site "Cap d'Agde FRA"]
[Date "2000.10.31"]
[Round "5"]
[White "Dorfman,J"]
[Black "Zhang Zhong"]
[Result "1/2-1/2"]
[WhiteElo "2600"]
[BlackElo "2636"]

1.d4 Nf6 2.c4 e6 3.Nf3 b6 4.g3 Ba6 5.b3 Bb7 6.Bg2 Bb4+ 7.Bd2 a5 8.O-O O-O
9.Qc2 d6 10.Bc3 Nbd7 11.a3 Bxc3 12.Nxc3 Re8 13.e4 e5 14.Rad1 Rc8 15.Rfe1 Qe7
16.b4 axb4 17.axb4 c6 18.Qd2  1/2-1/2

[Event "Open de Corse"]
[Site "Bastia FRA"]
[Date "2000.11.02"]
[Round "3"]
[White "Shneider,A"]
[Black "Iordachescu,V"]
[Result "1-0"]
[WhiteElo "2542"]
[BlackElo "2594"]

1.d4 Nf6 2.c4 e6 3.Nf3 b6 4.g3 Ba6 5.Qb3 Nc6 6.Bd2 Bb7 7.Bc3 Ne4 8.Qd1 d5
9.cxd5 exd5 10.Bg2 Bd6 11.O-O O-O 12.Bd2 Re8 13.Nc3 Ne7 14.Nb5 Nf5 15.Rc1 Ba6
16.Nxd6 Nfxd6 17.Bf4 g5 18.Be5 f6 19.Bxd6 Qxd6 20.Re1 Kg7 21.Rc2 Re7 22.e3 h5
23.h4 Rh8 24.Qc1 Bb7 25.Qd1 Rh6 26.Qd3 c6 27.Rec1 Qe6 28.a4 a5 29.Qa3 Rc7
30.b4 Qd6 31.Rb2 Ba6 32.Ra1 g4 33.Ne1 f5 34.bxa5 bxa5 35.Rb6 Qxa3 36.Rxa3 c5
37.dxc5 Rxc5 38.Rxh6 Kxh6 39.Nd3 Rc2 40.Bxe4 fxe4 41.Nf4 Bc4 42.Ra1 Ra2 43.Rxa2 Bxa2
44.Ne6 Kg6 45.Nd4 Kf6 46.Kf1 Ke7 47.Ke1 Kd6 48.Kd2 Bc4 49.Kc3 Bd3 50.Nb3 Be2
51.Nxa5 Bd1 52.Nb3 d4+ 53.exd4 Kd5 54.Nc5 Be2 55.a5 Bb5 56.a6 Bc6 57.a7 Kd6
58.Kd2 Kd5 59.Ke3 Ba8 60.Nxe4  1-0

[Event "Chigorin Mem"]
[Site "St Petersburg RUS"]
[Date "2000.11.04"]
[Round "4"]
[White "Goloshchapov,A"]
[Black "Sambuev,B"]
[Result "1/2-1/2"]
[WhiteElo "2526"]
[BlackElo "2377"]

1.d4 e6 2.c4 Nf6 3.Nf3 b6 4.g3 Ba6 5.b3 b5 6.cxb5 Bxb5 7.Bg2 Bc6 8.O-O a5
9.a3 Qc8 10.Nbd2 Ne4 11.Nc4 d6 12.Qc2 Qb7 13.Ne1 Nf6 14.f3 d5 15.Ne5 Nfd7
16.f4 Qb6 17.Be3 Nxe5 18.fxe5 Be7 19.Nd3 O-O 20.Rfc1 Rc8 21.Nc5  1/2-1/2

[Event "Chigorin Mem"]
[Site "St Petersburg RUS"]
[Date "2000.11.06"]
[Round "6"]
[White "Kulikov,A"]
[Black "Lugovoi,A"]
[Result "1/2-1/2"]
[WhiteElo "2415"]
[BlackElo "2534"]

1.d4 Nf6 2.Nf3 e6 3.c4 b6 4.g3 Ba6 5.b3 Bb4+ 6.Bd2 Be7 7.Bg2 d5 8.cxd5 exd5
9.O-O O-O 10.Nc3 Bb7 11.Bf4 Na6 12.Rc1 Re8 13.Ne5 h6 14.Qd3 Ba3 15.Rcd1 Qc8
16.h3 Bf8 17.g4 c5 18.e3 Nb4 19.Qd2 Ne4 20.Nxe4 dxe4 21.a3 Nd5 22.Bg3 cxd4
23.exd4 Bxa3 24.Bxe4 Nf6 25.Bxb7 Qxb7 26.Qd3 b5 27.h4 Rac8 28.Rfe1 Bb4 29.g5 hxg5
30.hxg5 Nh7 31.g6 fxg6 32.Re3 Qd5  1/2-1/2

[Event "ch-POL Semi-Finals"]
[Site "Polanczyk POL"]
[Date "2000.11.09"]
[Round "6"]
[White "Praszak,M"]
[Black "Ehrenfeucht,W"]
[Result "1-0"]
[WhiteElo "2219"]
[BlackElo "2273"]

1.d4 Nf6 2.c4 e6 3.Nf3 b6 4.g3 Ba6 5.Nbd2 d5 6.Bg2 Be7 7.O-O O-O 8.cxd5 exd5
9.Ne5 Re8 10.Re1 c5 11.dxc5 bxc5 12.Ndf3 Qb6 13.Ng5 Rf8 14.Ngxf7 Qe6 15.Bg5 Bb7
16.Qb3 Qb6 17.Bxf6 Qxb3 18.axb3 gxf6 19.Nh6+ Kh8 20.Nc4 Nd7 21.Na5 Rab8 22.Nxb7 Rxb7
23.Bxd5 Rc7 24.Nf5 Bd8 25.f4 Nb6 26.Bc4 Nxc4 27.bxc4 Rb7 28.Red1 Bb6 29.e4 Rc7
30.Kg2 Re8 31.Kf3 Kg8 32.Rd6 Kf7 33.Rad1  1-0